Plantas útiles de Lagarto Cocha y Serranía de Churumbelo en el departamento de Putumayo / (Registro nro. 3526)

Detalles MARC
000 -CABECERA
Campo de control 01103cam a2200277 i 4500
005 - FECHA Y HORA DE LA ULTIMA TRANSACCION
Campo de control 20160130142750.0
008 - ELEMENTOS DE LONGITUD FIJA—INFORMACION GENERAL
Campo de control 040603s2002 ck ad r 000 0 spa d
015 ## - NATIONAL BIBLIOGRAPHY NUMBER
National bibliography number SSS
020 ## - ISBN
ISBN 9589723500
040 ## - FUENTE DE CATALOGACIÓN
Agencia catalogadora original CO-BoPUJ
Agencia transcriptora CO-BoIAVH
041 0# - IDIOMA
Código de idioma para texto/pista de sonido o título separado Español
044 ## - PAÍS DE PUBLICACIÓN
País de publicación Colombia
082 04 - NUMERO DE CLASIFICACION DECIMAL DEWEY
Número de clasificación 581.634
Número del ítem C91p
100 ## - ASIENTO PRINCIPAL--NOMBRE PERSONAL
Nombre personal Cárdenas López, Dairon
9 (RLIN) 55807
245 10 - MENCION DE TITULO
Título Plantas útiles de Lagarto Cocha y Serranía de Churumbelo en el departamento de Putumayo /
Mención de responsabilidad Dairon Cárdenas López y (otros cuatro autores).
260 ## - PUBLICACION, DISTRIBUCION, ETC. (PIE DE IMPRENTA)
Lugar de publicación, distribución, etc. Bogotá :
Nombre del editor, distribuidor, etc. Instituto Amazónico de Investigaciones Científicas,
Fecha de publicación, distribución, etc. 2002.
300 ## - DESCRIPCION FISICA
Extensión 39 páginas :
Otros detalles físicos ilustraciones, cuadros y fotos a color
Dimensiones 24 cm.
504 ## - NOTA DE BIBLIOGRAFIA, ETC.
Nota de bibliografía Incluye referencias bibliográficas (p. 38-39).
650 14 - ASIENTO SECUNDARIO DE MATERIA - TERMINO TEMATICO
Término temático o nombre geográfico como elemento de entrada Botánica económica
Subdivisión geográfica Putumayo (Colombia)
9 (RLIN) 55808
650 24 - ASIENTO SECUNDARIO DE MATERIA - TERMINO TEMATICO
Término temático o nombre geográfico como elemento de entrada Botánica médica
Subdivisión geográfica Putumayo (Colombia)
9 (RLIN) 55809
650 24 - ASIENTO SECUNDARIO DE MATERIA - TERMINO TEMATICO
Término temático o nombre geográfico como elemento de entrada Plantas medicinales
Subdivisión geográfica Putumayo (Colombia)
9 (RLIN) 55810
650 24 - ASIENTO SECUNDARIO DE MATERIA - TERMINO TEMATICO
Término temático o nombre geográfico como elemento de entrada Plantas útiles
Subdivisión geográfica Putumayo (Colombia)
9 (RLIN) 55811
700 1# - ASIENTO SECUNDARIO - NOMBRE PERSONAL
Nombre personal Marín Corba, César Augusto,
Término de relación autor.
9 (RLIN) 55812
710 2# - ASIENTO SECUNDARIO - NOMBRE CORPORATIVO
Nombre corporativo o de jurisdicción como elemento de entrada Colciencias
9 (RLIN) 55813
942 ## - ELEMENTOS ADICIONALES (KOHA)
Sistema de clasificación Dewey Decimal Classification
Tipo de ítem Libro
Existencias
Withdrawn status Lost status Sistema de Clasificación Damaged status No para préstamo Colección Inventariado Ubicación Permanente Ubicación actual Fecha de adquisición Fuente de Valor Valor Total Checkouts Número topográfico Inventario / Código de Barras Date last seen Ejemplar Price effective from Forma de adquisición Tipo de material Date checked out
    Dewey Decimal Classification     General Inventariado 2017 Bogotá Bogotá 02/07/2004 Instituto 15000.00 1 LB-581.634 C91p 016339 05/02/2019 Ej. 1 04/12/2012   Libro 05/02/2019
    Dewey Decimal Classification     General Inventariado 2017 Sala Fabio Quevedo Sala Fabio Quevedo 02/07/2004 Instituto 15000.00   LB-581.634 C91p 009017 04/12/2012 Ej. 2 04/12/2012   Libro